Adapting to the Future: A Needs Analysis for Enhancing Digital and Soft Skills Among Older Workers Report
Enregistré dans:
| Auteur principal: | |
|---|---|
| Autres auteurs: | , , , , , , , , , |
| Format: | Livre |
| Langue: | anglais |
| Publié: |
Bratislava
Vydavateľstvo EKONÓM
2024
|
| Édition: | 1st Edition |
| Sujets: | |
| Tags: |
Pas de tags, Soyez le premier à ajouter un tag!
|
MARC
| LEADER | 00000nlm a2200000 4500 | ||
|---|---|---|---|
| 001 | 0308266 | ||
| 005 | 20250424124422.8 | ||
| 020 | |a 978-80-225-5181-6 | ||
| 041 | 0 | |a eng | |
| 044 | |a SK | ||
| 245 | 1 | 0 | |a Adapting to the Future: A Needs Analysis for Enhancing Digital and Soft Skills Among Older Workers |b Report |c Anetta Čaplánová, Ľubomír Darmo, Ondřej Pavelek, Nataliia Tkalenko, Monica Moreno, María Ruiz Ortiz, Oktay Şahbaz, Zeynep Hicdurmaz, Vehbi Onur Demirciler ; Reviewers: Rita Takács, Aweewan Panyagometh ... [et al.] |
| 250 | |a 1st Edition | ||
| 264 | 1 | |a Bratislava |b Vydavateľstvo EKONÓM |c 2024 | |
| 300 | |a 105 s. [6,26 AH] | ||
| 610 | 2 | 0 | |a zručnosti mäkké |
| 610 | 2 | 0 | |a zručnosti digitálne |
| 610 | 2 | 0 | |a starnutie populácie |
| 610 | 2 | 0 | |a vzdelávanie celoživotné |
| 610 | 2 | 0 | |a preškoľovanie |
| 610 | 2 | 0 | |a zvyšovanie kvalifikácie |
| 610 | 2 | 0 | |a vzdelávanie elektronické |
| 610 | 2 | 0 | |a analýzy |
| 610 | 2 | 0 | |a potreby |
| 610 | 2 | 0 | |a Slovensko |
| 610 | 2 | 0 | |a Česko |
| 610 | 2 | 0 | |a Španielsko |
| 610 | 2 | 0 | |a Turecko |
| 100 | 1 | |a Čaplánová, Anetta, 1967- | |
| 700 | 1 | |a Darmo, Ľubomír, 1984- | |
| 700 | 1 | |a Pavelek, Ondřej | |
| 700 | 1 | |a Tkalenko, Nataliia | |
| 700 | 1 | |a Moreno, Monica | |
| 700 | 1 | |a Ruiz Ortiz, María | |
| 700 | 1 | |a Şahbaz, Oktay | |
| 700 | 1 | |a Hicdurmaz, Zeynep | |
| 700 | 1 | |a Demirciler, Vehbi Onur | |
| 700 | 1 | |a Takács, Rita | |
| 700 | 1 | |a Panyagometh, Aweewan | |